[Event "Olympiad-31"]
[Site "Moscow"]
[Date "1994.12.04"]
[Round "4.3"]
[White "Serper, Grigory"]
[Black "Lobron, Eric"]
[Result "1/2-1/2"]
[WhiteElo "2575"]
[BlackElo "2580"]
[Annotator "Gagarin,V"]
[PlyCount "54"]
[EventDate "1994.12.01"]
[EventType "team-swiss"]
[EventRounds "14"]
[EventCountry "RUS"]
[SourceTitle "CBM 045"]
[Source "ChessBase"]
[SourceDate "1995.04.01"]
[SourceVersion "1"]
[SourceVersionDate "1995.04.01"]
[SourceQuality "1"]
[WhiteTeam "Uzbekistan"]
[BlackTeam "Germany"]
[WhiteTeamCountry "UZB"]
[BlackTeamCountry "GER"]

1. c4 {Ribli} Nf6 2. Nc3 e5 3. Nf3 Nc6 4. g3 Bb4 5. Bg2 O-O 6. O-O Bxc3 7. bxc3
Re8 8. d3 e4 9. Nd4 Ne5 $5 (9... h6 10. dxe4 Nxe4 11. Qc2 d5 $1 12. cxd5 Qxd5
13. Rd1 $1 (13. e3 Na5 $5 14. f3 Nd6 15. e4 Qc5 16. Be3 Ndc4 17. Bf2 Qe7 18.
Rad1 Bd7 19. f4 Rad8 20. e5 Bg4 $13 {Kasparov,G-Karpov,A/Sevilla(m/16)/1987/0:
1/41/}) 13... Bf5 14. Qb2 $1 (14. Nxf5 Qxf5 15. f3 Nxg3 $13 {Karpov/}) 14...
Nxd4 15. cxd4 Qd7 16. Bf4 c6 17. a4 Rad8 18. a5 $16 {Portisch,L-Salov,V/
Tilburg/1994/}) (9... exd3 10. exd3 h6 11. Be3 Ne5 12. Re1 d6 13. h3 c5 14. Nf3
Ng6 $1 $13 {Gurevich,M-Salov,V/Linares/1991/0,5/39/}) 10. c5 $1 (10. dxe4 {
Ribli} Nxc4 11. Qd3 Ne5 12. Qc2 d6 13. Rb1 $14) 10... exd3 11. exd3 Rb8 (11...
d6 12. c6 $5 $36) 12. Nb5 (12. Bf4 {Ribli} b6 13. Bxe5 Rxe5 14. c6 $14) 12...
b6 13. d4 Ng6 14. c4 (14. Nxa7 $2 Ba6 15. Re1 Rxe1+ 16. Qxe1 Ra8 (16... c6 $44
{Ribli}) 17. Bxa8 Qxa8 18. cxb6 cxb6 $15) 14... bxc5 15. dxc5 Bb7 16. Bxb7 (16.
Nxa7 $6 Bxg2 17. Kxg2 Rb4 $15) 16... Rxb7 17. Bg5 $1 a6 (17... Ne5 $5 18. Re1
$36) 18. Nc3 h6 19. Bxf6 Qxf6 20. Qxd7 $16 Rbb8 (20... Rd8 $2 21. Nd5 $1 Rxd7
22. Nxf6+ gxf6 23. c6 $18) 21. Nd5 Qf3 22. Rae1 $6 (22. Rab1 $5 Rbd8 23. Qxc7
Qe4 24. Rfe1 Qxc4 25. Rxe8+ Rxe8 26. Rb8 Rxb8 27. Qxb8+ Kh7 28. Qb7 Qxc5 29.
Qxf7 $16) (22. Rab1 $5 {Ribli}) 22... Rxe1 23. Rxe1 Ne5 $1 $132 (23... Rb2 {
Ribli} 24. Rf1 $16) 24. Ne7+ (24. Qxc7 $6 Rb2 25. Rf1 Qe4 26. Qe7 Rd2 {/\ Rd5/}
27. Qe8+ Kh7 28. Nc7 Nf3+ 29. Kh1 Qxc4 30. Kg2 Nxh2 $1 31. Re1 Ng4 $17) 24...
Kh7 25. Qd4 Nd3 (25... Qxg3+ $5 {Ribli} 26. hxg3 Nf3+ 27. Kg2 Nxd4 $13) 26. Rf1
Re8 27. Qd7 Rxe7 (27... Rxe7 28. Qxe7 Nf4 29. gxf4 Qg4+ 30. Kh1 Qf3+ $10)
1/2-1/2

[Event "URS-chT Cup 09th"]
[Site "Tbilisi"]
[Date "1976.04.15"]
[Round "1"]
[White "Petrosian, Tigran V"]
[Black "Kortschnoj, Viktor Lvovich"]
[Result "1/2-1/2"]
[WhiteElo "2635"]
[BlackElo "2670"]
[Annotator "Gagarin,V"]
[PlyCount "228"]
[EventDate "1976.04.15"]
[EventType "team-tourn"]
[EventRounds "7"]
[EventCountry "URS"]
[SourceTitle "EXT 2017"]
[Source "ChessBase"]
[SourceDate "2016.10.25"]
[SourceVersion "1"]
[SourceVersionDate "2016.10.25"]
[SourceQuality "1"]
[WhiteTeam "Spartak Moscow"]
[BlackTeam "Trud"]
[WhiteTeamCountry "RUS"]
[BlackTeamCountry "URS"]

1. c4 e5 2. Nc3 Nf6 3. Nf3 Nc6 4. g3 Bb4 5. Bg2 O-O 6. O-O e4 7. Ne1 Bxc3 8.
dxc3 Re8 9. Bg5 $1 h6 10. Bxf6 Qxf6 11. Nc2 d6 12. Ne3 Re6 (12... Bf5 $6 {
Averbakh,Y (2515)-Rodriguez,R (2410) Rubinstein Memorial 13th 1975 (3) 1-0}) (
12... Re5 13. Qb3 $1 Rb8 14. Rad1 b6 15. Qc2 Bf5 16. Rd5 $1 Rbe8 17. Rfd1 $16)
13. Qd2 Qg5 14. Rfe1 Re8 15. Rad1 Bf5 16. f4 exf3 17. exf3 Be6 18. f4 Qc5 19.
b4 Qb6 20. Qf2 Ne7 21. f5 Nxf5 22. c5 dxc5 23. Nxf5 cxb4 24. Nd4 Bc4 25. cxb4
Qxb4 26. Nc2 Rxe1+ 27. Rxe1 Qb6 28. Ne3 Re8 29. Bxb7 Bxa2 30. Qxa2 Qxb7 31. Kf2
Qb6 32. Qc4 a5 33. Qc3 a4 34. Rc1 Re6 35. Qc5 h5 36. Rc4 Qxc5 37. Rxc5 Rb6 38.
Rxh5 Rb2+ 39. Kf3 a3 40. h4 a2 41. Ra5 g6 42. Nd5 c5 43. Kf4 Rc2 44. Ra8+ Kg7
45. Ra7 Kh6 46. Ke4 Rf2 47. Ke3 Rg2 48. Kf3 Rd2 49. Nf6 Kg7 50. Ne4 Rc2 51. g4
c4 52. g5 Kf8 53. Ke3 c3 54. Kd4 Rh2 55. Nxc3 Rxh4+ 56. Ke5 Rg4 57. Ra8+ Kg7
58. Ne4 Rg1 59. Rxa2 Rg4 60. Ra1 Rg2 61. Rh1 Ra2 62. Rd1 Ra5+ 63. Rd5 Ra7 64.
Rc5 Ra1 65. Nf6 Re1+ 66. Kd6 Re6+ 67. Kd7 Re1 68. Kd8 Rd1+ 69. Rd5 Re1 70. Rd4
Re5 71. Rg4 Ra5 72. Kd7 Ra7+ 73. Kd6 Ra6+ 74. Ke5 Ra5+ 75. Kf4 Ra4+ 76. Kg3
Ra3+ 77. Kh4 Ra1 78. Ne4 Rh1+ 79. Kg3 Rg1+ 80. Kf3 Rf1+ 81. Ke2 Rf5 82. Rg1 Ra5
83. Rc1 Rf5 84. Rc8 Ra5 85. Ke3 Ra3+ 86. Kf4 Ra4 87. Rb8 Ra6 88. Rd8 Ra4 89.
Rd7 Kf8 90. Ke5 Ra5+ 91. Rd5 Ra1 92. Rd8+ Kg7 93. Nd6 Ra5+ 94. Kf4 Ra4+ 95. Ke3
Ra3+ 96. Kd4 Ra4+ 97. Ke3 Ra5 98. Rd7 Rxg5 99. Rxf7+ Kh6 100. Kd4 Ra5 101. Ke4
g5 102. Rc7 Kg6 103. Nc4 Ra6 104. Kd5 g4 105. Ke4 Kg5 106. Rc5+ Kh4 107. Ne3
Ra4+ 108. Kf5 Kg3 109. Kg5 Kh3 110. Rc8 Ra5+ 111. Nf5 g3 112. Rc3 Kh2 113. Rxg3
Rxf5+ 114. Kxf5 Kxg3 1/2-1/2

[Event "Novgorod"]
[Site "Novgorod"]
[Date "1997.06.20"]
[Round "8"]
[White "Topalov, Veselin"]
[Black "Gelfand, Boris"]
[Result "0-1"]
[WhiteElo "2725"]
[BlackElo "2700"]
[Annotator "Gelfand,B"]
[PlyCount "58"]
[EventDate "1997.06.11"]
[EventType "tourn"]
[EventRounds "10"]
[EventCountry "RUS"]
[EventCategory "19"]
[SourceTitle "CBM 060"]
[Source "ChessBase"]
[SourceDate "1997.09.29"]
[SourceVersion "1"]
[SourceVersionDate "1997.09.29"]
[SourceQuality "1"]

1. c4 {Baburin,A Ribli} Nf6 2. Nc3 e5 3. Nf3 Nc6 4. g3 Bb4 5. Bg2 O-O 6. O-O e4
7. Ng5 (7. Ne1 $5 {Ribli}) 7... Bxc3 8. bxc3 Re8 9. f3 (9. d3 $5 {Ribli}) 9...
e3 {Ribli: Vor 10 Jahren war das Karpovs Neuerung in der 2.Partie
Kasparov-Karpov/Wch- Sevilla/1987/} (9... exf3 {Ribli} 10. Nxf3 d5 11. d4 $1
Ne4 12. Qc2 Bf5 13. Nh4 $36) 10. dxe3 {Ribli: Dieser Zug gefällt mir nicht,
obwohl Weiß einen Bauern gewinnt. Er hat zwei Doppelbauern, die seine
Möglichkeiten spürbar einschränken.} (10. d4 {Ribli} Na5 (10... b6 $5) (10...
d6 $5 {/\ Qe7, Na5, h6, Be6 Dlugy,M}) 11. Qd3 b6 12. c5 (12. Bxe3 $1 Ba6 13.
Rfe1 Nxc4 14. Bf2 {/\ e4[+]}) 12... Bb7 13. Bxe3 Qe7 14. Bf4 {0-1 Olafsson,
H-Naumkin,I/Belgrade GMA 1988 (41)}) (10. d3 $1 {Ribli} d5 $8 11. cxd5 (11. Qb3
Na5 12. Qa3 c6 13. cxd5 cxd5 14. f4 Bg4 15. Re1 h6 16. Nf3 Nc6 17. Rb1 Qd7 18.
d4 Bh3 19. Bh1 Nh5 $1 20. Ne5 Nxe5 21. fxe5 Qg4 22. Bxe3 Nxg3 23. Bf3 Qg6 24.
hxg3 Qxg3+ 25. Kh1 Bg4 {0-1 Lautier,J-Illescas Cordoba,M/Dos Hermanas 1995 (40)
}) 11... Nxd5 12. Qb3 (12. Ne4 f5 13. c4 Nf6 14. Nxf6+ Qxf6 15. Rb1 f4 16. Bb2
Nd4 17. gxf4 b6 {0-1 Cuadras,J-Rodriguez,A/Terrassa open 1996 (40)}) 12... Na5
(12... Qxg5 13. f4 Qh5 14. Bxd5 Bg4 15. Bf3 Rab8 16. Rb1 h6 {0-1 Grant,
J-Timoshchenko,G/EU-chTM 1997 (29)}) 13. Qa3 b6 14. f4 Bb7 15. Bb2 (15. c4 Ne7
16. Bxb7 Nxb7 17. Bb2 c5 18. f5 f6 {1/2-1/2 Nielsen,P-Savchenko,S/Minsk 1996})
15... c5 16. c4 Nb4 17. Qc3 f6 18. Bxb7 Nxb7 19. Nf3 Nd6 20. g4 $5 Nc6 21. Kh1
{1/2-1/2 Gulko,B-Ivanchuk,V/Horgen 1995 (29)}) 10... b6 (10... Na5 {Ribli} 11.
e4 h6 12. Nh3 Nxc4 13. Qd4 d5 (13... Ne5 14. c4 d6 15. Nf4 b6 16. Nd5 c5 17.
Qc3 Nxd5 18. cxd5 b5 19. f4 b4 20. Qc2 Nd7 {1-0 Gulko,B-Illescas,M/ESP-tt
Oropesa del Mar ESP 1996 (41)}) 14. Nf4 c6 15. exd5 cxd5 16. e4 Qb6 {0-1
Kopilov,N-Raetsky,A/Voronezh 1990 (38)}) (10... h6 {Ribli} 11. Nh3 b6 (11...
Ne5 $5) 12. e4 Ba6 (12... d6 $5 13. Nf2 (13. f4 Nxe4 14. Qd5 Bxh3 {Und Weiss
hat viele Schwachungen.Ribli.}) 13... Ba6 14. f4 Na5 $13 {[%csl Rc4]}) 13. c5
bxc5 14. Ba3 d6 15. Qa4 (15. f4 $5) 15... Nb8 16. e5 dxe5 17. Rfd1 Qc8 {
1/2-1/2 Gulko,B-Timoshenko,G/2nd op, Nova Gorica SLO 1997 (32)}) 11. e4 (11. f4
{Ribli} h6 12. Nf3 Bb7 13. c5 Na5 14. Qd4 Qe7 15. cxb6 axb6 16. c4 Qe4 17. c5
Qxd4 18. exd4 Rxe2 {0-1 Fatin,T-Soffer,R/London Lloyds 1989 (34)}) 11... h6 (
11... Ba6 $6 {Ribli} 12. f4 h6 13. Nxf7 Kxf7 14. e5 $40) 12. Nxf7 $5 $146 {
Baburin: A dubious sacrifice. Ribli: Weiß opfert eine Figur für Aktivität. Es
ist wahr, daß er Initiative erhält, aber mit guten Zügen kann sich Schwarz
verteidigen und den Angriff abwehren.} (12. Nh3) ({Baburin: Better was} 12. Nh3
{Baburin,A} Ba6 13. Nf2) 12... Kxf7 13. f4 {Ribli: Weiß hat schon zwei Bauern
für die geopferte Figur und das Läuferpaar.} Kg8 14. e5 Nh7 15. Ba3 $2 {
Ribli: Beide weißen Läufer kontrollieren wichtige Punkten. Der Textzug richtet
sich gegen Nf8.Trotzdem hat Schwarz eine feste Stellung ohne Schwächen.} (15.
f5 $8 Qe7 (15... Kh8 16. f6 Nxe5 (16... gxf6 17. exf6 $40) 17. fxg7+ Kxg7 18.
Bxa8 c6 19. Bf4 $18) (15... Bb7 16. f6 Rxe5 17. Bd5+ Kh8 18. fxg7+ Kxg7 19.
Rf7+ Kh8 20. Bxh6 $18) (15... Ba6 16. e6) 16. f6 gxf6 (16... Qc5+ $5 17. Kh1
Kh8 {Huzman}) 17. Bd5+ Kg7 (17... Kh8 18. exf6 Nxf6 19. Bxc6 dxc6 (19... Qc5+
20. Qd4) 20. Qd4) 18. Qd2 Qxe5 19. Qxh6+ Kh8) 15... Bb7 $17 ({Baburin: Also
interesting was} 15... Kh8 {Baburin,A}) 16. Be4 (16. Qd3 Kh8) (16. Bd5+ Kh8 17.
Bf7 Na5 $17 (17... Nxe5 18. Bxe8 (18. fxe5 Rxe5) 18... Nxc4)) 16... Kh8 17. Bc2
(17. Bg6 {Ribli} Ne7 (17... Na5 {[%csl Rc4]} 18. Bxe8 Qxe8 $13 {[%cal Gb7h1]})
18. Bxe8 Qxe8 $13 {[%cal Gb7h1]}) 17... Nxe5 $1 {Baburin: This
counter-sacrifice reveals Gelfand's intentions - he wants to attack as well!
Ribli: Schwarz gibt das Material zurück. Sein Läufer auf b7 ist ohne Gegenpart
auf der Diagonalen sehr stark. Ich möchte bemerken, daß die weiße
Bauernstruktur konisch ist.} (17... d6 18. Qd3 Nf8 19. exd6 cxd6 20. Bxd6 Na5
21. Bxf8 Qxd3 22. Bxg7+ Kxg7 23. exd3 $13) 18. fxe5 Rxe5 {Baburin: Now the
black bishop is excellently placed on the long diagonal and the knight is
ready to jump to g5, while the White bishop pair isn't particularly useful.} (
18... Ng5 19. e4 $17) 19. Bxh7 {Ribli: Die schwarze Drohung war Ng5. Weiß
sieht sich gezwungen das Läuferpaar aufzugeben.} (19. Qd3 {Ribli} Be4) (19. Rf7
{Ribli} Ng5 20. Rf8+ Qxf8 21. Bxf8 Nh3+ 22. Kf1 Rxf8+ 23. Ke1 Ng1 $40 {[%csl
Re1]}) 19... Kxh7 {Ribli.Auf dem Brett gibtes nun ungleichfarbige Läufer, aber
mit Türmen und Damen. Das hilft nur Schwarz, denn er hat Angriff.} 20. c5 {
Ribli: Weiß möchte sich befreien von seinen Doppelbauern, aber wirklich guter
Rat ist teuer.} Qe8 (20... bxc5 21. Bxc5 $17) 21. Qd3+ (21. cxb6 {Ribli} axb6
22. Rf8 Qe6 23. Rxa8 Bxa8 $17) 21... Be4 $19 22. Qd2 (22. Qd4 $5) 22... Qe6 {
Baburin: Very simple - the attack on the light squares is unstoppable; as
usual in such positions the presence of opposite coloured bishops makes the
attack more deadly. Meanwhile the queen is aiming for the h3-square.} 23. Rf2 (
23. cxb6 axb6 24. Bb2 Qh3 25. Rf2 Rf8 26. Raf1 Ref5 27. Qe3 Qg2+ $1) 23... bxc5
{Baburin: Adding a material advantage to the existing positional plus.} 24.
Raf1 Re8 {Ribli: Schwarz hat eine überlegene Stellung. Er hat einen Bauern
mehr. Was noch wichtiger ist, er hat die entscheidende Herrschaft auf den
weißen Feldern.} 25. c4 Qh3 {Baburin: From this square the queen attacks the
kingside very comfortably, being absolutely undesturbed itself. A crash on the
g3-square is coming...} 26. Bb2 Rg5 27. Qc3 {Ribli: Weiß verteidigt sich gegen
27...Rxg3, und droht selbst auf g7. Aber der schwarze Angriff ist unaufhaltbar.
} Re6 28. Qe3 Rg4 {Ribli: Nach diesem Zug droht entscheidend 29...h5-h4 oder
29...Rg6 nebst 30...Rxg3.} (28... Reg6 $4 {Ribli} 29. Qxe4 {[%cal Ge4h7]} Rxg3+
30. hxg3 Qxg3+ 31. Rg2) 29. Rc1 h5 ({Baburin: Also possible was} 29... Rxg3+ {
Baburin,A} 30. Qxg3 Rg6 31. Rc3 Qe6 $19 {but 29...h5 is easier - White has no
counterplay and cannot prevent the collapse of the g3-square.}) 0-1

[Event "Albert m"]
[Site "Albert"]
[Date "2002.10.08"]
[Round "1"]
[White "Gelfand, Boris"]
[Black "Bacrot, Etienne"]
[Result "1/2-1/2"]
[WhiteElo "2704"]
[BlackElo "2653"]
[Annotator "Gelfand,B"]
[PlyCount "89"]
[EventDate "2002.10.08"]
[EventType "match"]
[EventRounds "6"]
[EventCountry "FRA"]
[SourceTitle "CBM 092"]
[Source "ChessBase"]
[SourceDate "2003.02.06"]
[SourceVersion "1"]
[SourceVersionDate "2003.02.06"]
[SourceQuality "1"]

1. c4 Nf6 2. Nc3 e5 3. Nf3 Nc6 4. g3 g6 5. Bg2 Bg7 6. d4 exd4 7. Nxd4 O-O 8.
O-O Re8 9. Nc2 d6 10. b3 Bf5 11. Bb2 $1 Ne4 (11... Be4 12. Nxe4 Nxe4 13. Bxg7
Kxg7 14. Ne3 a5 15. Nd5 Nf6 16. Nc3 $14 {1/2-1/2 Psakhis,L-Akopian,V/Elista
1998/CBM 66 ext (26)}) 12. Bxe4 Bxe4 13. Ne3 Nd4 $1 $146 (13... Ne7 14. Qd2 Bc6
15. Rad1 Qc8 16. Ncd5 Bxb2 17. Qxb2 Nxd5 18. cxd5 Bd7 19. Qd4 $16 {1-0
Polugaevsky-Sorokin/USSR-chT 1953 (36)}) 14. Nxe4 (14. Ncd5 c5) (14. Qd2 $2 Bf3
) 14... Rxe4 15. Qd3 Qe8 16. Rad1 c6 (16... Nf5 17. Nd5 (17. Nxf5 Bxb2 18. Ne3
$14) 17... Bxb2 18. Nxc7 Qc6 19. Nxa8 Re8 20. e4 $16) 17. Rd2 Qe6 $4 (17... Rd8
18. Rfd1 $14) (17... Qe7 $142 18. Rfd1 Re8 $132) 18. Ng2 $1 Nf5 {Diagram [#]} (
18... Nxe2+ 19. Rxe2 Rxe2 20. Bxg7 Qe4 (20... Kxg7 21. Nf4) 21. Qxe4 Rxe4 22.
Bc3 $16) (18... Re8 19. f3 Nxe2+ 20. Kh1 (20. Kf2 Qf5) 20... Rd4 21. Bxd4 Nxd4
22. Re1 Qc8 23. Rxe8+ Qxe8 24. Qe4 $18) 19. f3 $2 (19. Bxg7 Kxg7 20. f3 Rd4 21.
Qc3 Qe5 22. Rc2 $3 Re8 23. f4 Qe4 24. e3 Nxe3 25. Re1 $18) 19... Bd4+ 20. Rf2
Bxf2+ (20... Re3 $5 21. Nxe3 Bxe3 22. Qc3 f6 (22... Qe5 23. Qxe5 dxe5 24. Rd7
f6 25. Kg2 $18) 23. Rd3 Re8 24. Rxe3 Nxe3 25. Qxf6 Qxf6 26. Bxf6 $16) 21. Kxf2
Re5 22. e4 Ng7 23. Bxe5 dxe5 24. Qd7 Qxd7 (24... Rb8 25. Qc7 Rf8 26. Qxb7 $16)
25. Rxd7 Rb8 26. Ne3 $2 (26. Ne1 $1 Ne6 27. Nd3 f6 28. Re7 (28. Ke3) 28... Rd8
29. Ke3 Nd4 30. Nc5 Nc2+ 31. Ke2 Nd4+ 32. Kf2 $18) 26... h5 27. f4 Ne6 $1 28.
fxe5 Nc5 29. Rd4 a5 30. g4 (30. Ng2 Re8 31. Nf4 Rxe5 32. Kf3 $11) 30... hxg4 (
30... Re8 31. gxh5 gxh5 32. Kf3) 31. Nxg4 Kf8 32. Nf6 $6 (32. h4 $11) 32... Ke7
33. Rd6 Rh8 34. Kg3 Rd8 35. Rxd8 Kxd8 36. Kf3 $1 Nd3 (36... Ke7 37. Ke3 Ke6 38.
Kd4 Na6 39. Nh7) 37. e6 $1 fxe6 38. Kg4 Ke7 39. Kg5 Kf7 40. Nd7 b5 41. Kh6 $1
bxc4 (41... Ke7 42. Nb6 Ne5 43. cxb5 (43. h4 Kf6 44. c5 Nf7+ 45. Kh7 g5) 43...
cxb5 44. a4 b4 45. Kg7 g5 46. h3 $11) 42. bxc4 Ke7 43. Nb6 Kf6 44. Nd7+ Ke7 45.
Nb6 1/2-1/2

[Event "Olympiad-32"]
[Site "Yerevan"]
[Date "1996.09.19"]
[Round "4.1"]
[White "Gelfand, Boris"]
[Black "Mirumian, Vigen"]
[Result "1-0"]
[WhiteElo "2665"]
[BlackElo "2430"]
[Annotator "Gelfand,B"]
[PlyCount "95"]
[EventDate "1996.09.15"]
[EventType "team-swiss"]
[EventRounds "14"]
[EventCountry "ARM"]
[SourceTitle "CBM 055"]
[Source "ChessBase"]
[SourceDate "1996.12.01"]
[SourceVersion "1"]
[SourceVersionDate "1996.12.01"]
[SourceQuality "1"]
[WhiteTeam "Belarus"]
[BlackTeam "Armenia II"]
[WhiteTeamCountry "BLR"]
[BlackTeamCountry "ARM"]

1. c4 Nf6 2. Nc3 e5 3. Nf3 Nc6 4. g3 Bb4 5. Nd5 Nxd5 6. cxd5 Nd4 7. Nxd4 exd4
8. Qc2 Qe7 9. Bg2 Ba5 10. O-O Bb6 (10... Qxe2 $2 11. b4 $1 $18) 11. e3 d6 12.
b3 O-O 13. Bb2 dxe3 14. dxe3 Bd7 $146 (14... a5 15. a3 Bd7 16. Rfd1 Rac8 17.
Bd4 $6 (17. Rac1 c5 18. Bf1 $16) 17... c5 $1 $14 {1-0 Tal,M-Makarichev,S/USSR 
(ch) 26/42 1978 (33)}) 15. Rfd1 $14 Rfe8 16. a4 a5 17. Bd4 Rac8 18. Rac1 Bg4 (
18... Qg5 $5) 19. Rd2 Qg5 20. Qb2 Bf5 21. b4 h6 (21... axb4 22. Qxb4 Bxd4 23.
Qxd4 $16 (23. Rxd4 Rxe3 24. Qxb7 Rce8)) 22. Rc4 Qg6 23. Qc3 axb4 (23... Ra8 $5)
24. Qxb4 Bd3 $1 25. Rc3 Bxd4 26. Qxd4 (26. Rcxd3 $6 Bc5 27. Qxb7 Rb8 28. Qc6
Rb1+ 29. Bf1 Reb8 $40) 26... Be4 27. a5 (27. Qb4 Bxg2 28. Kxg2 Qe4+) 27... Bxg2
28. Kxg2 Re4 (28... Qe4+ 29. Qxe4 Rxe4 30. Rb2 $16) 29. Qd3 Ra4 30. Qb5 (30.
Qxg6 fxg6 31. Rb2 Rxa5 32. Rxb7 Rxd5 33. Rbxc7 Rxc7 34. Rxc7 $10) 30... Ra1 (
30... Qe4+ $5 31. f3 Qb4 32. Qxb4 Rxb4 33. Rdc2 Rb5 34. e4 c5 35. dxc6 bxc6 36.
Rxc6 (36. Ra2 Ra8 37. a6 c5 38. a7 Kf8 $10) 36... Rxc6 37. Rxc6 Rxa5 38. Rxd6
g6 $10) 31. Qxb7 Rf8 (31... Re8 $5 32. Qb4 (32. Qb3 Ra8)) 32. Qb4 Ra8 33. Ra3
Rxa3 34. Qxa3 Qe4+ 35. f3 Qc4 36. e4 Qb5 37. Ra2 f5 $6 {This move weakenes
Black'King more than White`s} (37... Ra6 $5 $14) 38. a6 fxe4 39. fxe4 Qb1 (
39... Ra7 $5) 40. Qa4 Rf8 41. Qc4 (41. Rf2 Rxf2+ 42. Kxf2 Qb2+ $14) 41... Qd1
42. Qe2 Qd4 43. h4 Kh7 (43... Ra8 $1 $16) 44. Kh2 Ra8 45. Qc2 Qb6 46. e5+ Kg8
47. e6 Rxa6 48. e7 1-0

[Event "Amsterdam NH Hotels 5th"]
[Site "Amsterdam"]
[Date "2010.08.18"]
[Round "6"]
[White "Gelfand, Boris"]
[Black "Howell, David"]
[Result "1-0"]
[WhiteElo "2739"]
[BlackElo "2616"]
[Annotator "Gelfand,B"]
[PlyCount "81"]
[EventDate "2010.08.12"]
[EventType "schev"]
[EventRounds "10"]
[EventCountry "NED"]
[SourceTitle "CBM 138"]
[Source "ChessBase"]
[SourceDate "2010.09.17"]
[SourceVersion "1"]
[SourceVersionDate "2010.09.17"]
[SourceQuality "1"]

1. c4 Nf6 2. Nc3 e5 3. Nf3 Nc6 4. g3 d5 5. cxd5 Nxd5 6. Bg2 Nb6 7. O-O Be7 8.
a3 O-O 9. b4 Be6 10. d3 f6 11. Ne4 {This is the opening from the 11th game of
the World Championship match between Anand and Topalov this May.} a5 $2 $146 {
#My opponent tried to improve on Topalov's play with this move, however I
think it is premature as it weakens his pawns.} 12. Nc5 Bxc5 13. bxc5 {Now the
b7 pawn becomes vulnerable. With the pawn still on a7, he would have the
option of playing b6.} Nd7 {#Black's plan is to play Bd5 and take control of
the diagonal so I played} 14. d4 $1 e4 ({Black could take with} 14... exd4 15.
Nxd4 Nxc5 {but this would be very dangerous because after} 16. Nxe6 Nxe6 17.
Qb3 {I have fantastic compensation for the pawn with the two bishops and the
open position. I would play Be3 followed by Rfd1 and Rac1. A kind of Catalan,
but a very good kind.}) 15. Nh4 {He now played} Bd5 {but after} ({He doesn't
have the time to play} 15... f5 $2 {because of} 16. d5) 16. Nf5 {I take
control because the bishop cannot hold its position as the knight will kick it
off.} Qe8 17. Bf4 {is a good intermediary move since he must protect it with}
Rc8 18. Rb1 {It is now difficult for him to protect the position from all
sides.} g5 {I was happy to have provoked this because it weakens the king
which will be telling in the long run.} ({If he had played} 18... b6 {instead,
I would have} 19. cxb6 Nxb6 20. Bxc7 {winning a pawn.}) ({or} 18... Ne7 19. Ne3
g5 20. Bd6 $1 cxd6 21. cxd6 {Black's position collapses.}) 19. Bd2 b6 20. Qa4
Qe6 21. Bh3 ({Another move was} 21. Ne3 Ne7 {to prevent Bh3 as in the game.} (
21... bxc5 $2 {isn't possible because of} 22. dxc5 Nxc5 23. Qb5) 22. Rfc1 {
and it is very difficult for Black to withstand all this pressure.}) 21... Kh8
{#} 22. Ne3 $1 {The point behind 21.Bh3.} Qxh3 23. Nxd5 {This exchanges off
his strong bishop but more importantly it frees up the option of advancing d5.}
Qe6 24. Ne3 Ne7 25. Rfd1 Rfd8 26. Rbc1 Nf8 (26... Nd5 {is unplayable due to}
27. Qb3 Nf8 28. cxb6 {and White wins a pawn.}) 27. cxb6 cxb6 28. Rxc8 {The
problem is that whichever piece he takes with on c8 is one that helped control
the d5 square.} Rxc8 29. Qb5 {A key move preparing d5.} Rd8 {#} 30. d5 $1 {
The loss of a pawn with} Nxd5 {is protected by the tactic} 31. Bxa5 bxa5 ({If} 
31... Nc7 {then} 32. Qxb6) 32. Rxd5 Rxd5 33. Nxd5 {Black's position has so
many weaknesses, I believe that a pawn loss is probably forced.} a4 34. Ne3 {
A nice move. It will join the attack now.} Qd7 35. Qb4 Qe8 36. Nf5 Kg8 37. Qb7
Qd7 38. Qxe4 Ne6 39. Qc4 Kf8 40. Ne3 Qe7 {This blunders a pawn, but even
without this the position was absolutely won.} 41. Qxa4 1-0